| 000 | 01488cam a2200397 i 4500 | ||
|---|---|---|---|
| 001 | 14727957 | ||
| 003 | EG-ScBUE | ||
| 005 | 20230601100525.0 | ||
| 008 | 070208t2007 njua f 001 0 eng d | ||
| 020 | _a9781580113656 | ||
| 020 | _a1580113656 | ||
| 035 | _a(OCoLC)ocn154657308 | ||
| 040 |
_aBTCTA _beng _erda _cBTCTA _dBAKER _dXZH _dYDXCP _dVP@ _dDLC _dEG-ScBUE |
||
| 082 | 0 | 4 |
_a747.5 _222 _bELL |
| 100 | 1 |
_aElliott, Lynn, _eauthor. |
|
| 245 | 1 | 4 |
_aThe smart approach to window decor / _cLynn Elliot and Lisa Lent. |
| 250 | _aThird edition. | ||
| 264 | 1 |
_aUpper Saddle River, N.J. : _bCreative Homeowner, _c[2007] |
|
| 264 | 4 | _cc2007 | |
| 300 |
_a223 pages ; _billustrations (chiefly color) : _c28 cm |
||
| 336 |
_2rdacontent _atext _btxt |
||
| 337 |
_2rdamedia _aunmediated _bn |
||
| 338 |
_2rdacarrier _avolume _bnc |
||
| 500 | _aIncludes index. | ||
| 520 | _aPresents advice and illustrations that explain the decision-making process of decorating windows, including factors such as window shape, personal lifestyle, and the type of window treatment desired. | ||
| 650 | 7 |
_aDraperies. _2BUEsh |
|
| 650 | 7 |
_aWindow shades. _2BUEsh |
|
| 650 | 7 |
_aDraperies in interior decoration. _2BUEsh |
|
| 650 | 7 |
_aWindows _xsears. _2BUEsh |
|
| 650 | 7 |
_aInterior design _xsears. _2BUEsh |
|
| 655 | _vReading book | ||
| 700 | 1 |
_aLent, Lisa, _eauthor. |
|
| 942 |
_2ddc _cBB |
||
| 999 |
_c10777 _d10777 |
||